Medical-surgical nursing : (Record no. 2391)

000 -LEADER
fixed length control field 01374cam a22003377a 4500
003 - CONTROL NUMBER IDENTIFIER
control field OSt
005 - DATE AND TIME OF LATEST TRANSACTION
control field 20210709062959.0
008 - FIXED-LENGTH DATA ELEMENTS--GENERAL INFORMATION
fixed length control field 090723s2006 moua b 001 0 eng c
020 ## - INTERNATIONAL STANDARD BOOK NUMBER
International Standard Book Number 9780721604466 (single volume)
020 ## - INTERNATIONAL STANDARD BOOK NUMBER
International Standard Book Number 0721604463 (single volume)
020 ## - INTERNATIONAL STANDARD BOOK NUMBER
International Standard Book Number 9780721606712 ( 2 volume set)
020 ## - INTERNATIONAL STANDARD BOOK NUMBER
International Standard Book Number 0721606717 ( 2 volume set)
040 ## - CATALOGING SOURCE
Transcribing agency ALUPE UNIVERSITY
042 ## - AUTHENTICATION CODE
Authentication code pcc
050 00 - LIBRARY OF CONGRESS CALL NUMBER
Classification number RT41
Item number .I36 2006
245 00 - TITLE STATEMENT
Title Medical-surgical nursing :
Remainder of title critical thinking for collaborative care /
Statement of responsibility, etc. [edited by] Donna D. Ignatavicius, M. Linda Workman.
250 ## - EDITION STATEMENT
Edition statement 5th ed.
260 ## - PUBLICATION, DISTRIBUTION, ETC.
Place of publication, distribution, etc. St. Louis, Mo. :
Name of publisher, distributor, etc. Elsevier Saunders,
Date of publication, distribution, etc. c2006.
300 ## - PHYSICAL DESCRIPTION
Extent 2 v. (xlvii, 1912, 87 p.) :
Other physical details ill. (some col.) ;
Dimensions 29 cm. +
Accompanying material 1 CD-ROM (4 3/4 in.)
500 ## - GENERAL NOTE
General note Accompanying CD-ROM (part # 9996004309) entitled: Student CD-ROM to accompany Medical-surgical nursing : critical thinking for collaborative care.
504 ## - BIBLIOGRAPHY, ETC. NOTE
Bibliography, etc. note Includes bibliographical references and index.
650 #0 - SUBJECT ADDED ENTRY--TOPICAL TERM
Topical term or geographic name entry element Nursing.
650 #0 - SUBJECT ADDED ENTRY--TOPICAL TERM
Topical term or geographic name entry element Surgical nursing.
650 #2 - SUBJECT ADDED ENTRY--TOPICAL TERM
Topical term or geographic name entry element Perioperative Nursing
650 #2 - SUBJECT ADDED ENTRY--TOPICAL TERM
Topical term or geographic name entry element Nursing
700 1# - ADDED ENTRY--PERSONAL NAME
Personal name Ignatavicius, Donna D.
700 1# - ADDED ENTRY--PERSONAL NAME
Personal name Workman, M. Linda.
906 ## - LOCAL DATA ELEMENT F, LDF (RLIN)
a 7
b cbc
c pccadap
d 2
e ncip
f 20
g y-gencatlg
942 ## - ADDED ENTRY ELEMENTS (KOHA)
Source of classification or shelving scheme
Koha item type Book
Holdings
Withdrawn status Lost status Source of classification or shelving scheme Damaged status Not for loan Permanent Location Current Location Shelving location Date acquired Total Checkouts Full call number Barcode Date last seen Price effective from Koha item type Public note Source of acquisition Copy number
          AU LIBRARY AU LIBRARY Open Shelf 09.07.2021   RT41 .I36 2006 28001473 09.07.2021 09.07.2021 Book JO    
          AU LIBRARY AU LIBRARY Open Shelf 18.03.2022   RT41 .I36 2006 C2 28001475 18.03.2022 18.03.2022 Book JO DONATION FROM MOI UNIVERSITY 2
          AU LIBRARY AU LIBRARY Open Shelf 30.03.2022   RT41 .I36 2006 C3 28011759 30.03.2022 30.03.2022 Book DO DONATION FROM MOI UNIVERSITY 3
          AU LIBRARY AU LIBRARY Open Shelf 01.04.2022   RT41 .I36 2006 C4 28001474 01.04.2022 01.04.2022 Book JO DONATION FROM MOI UNIVERSITY 4

Powered by Koha